000 00304nam a22001097a 4500
082 _a160
100 _aवरूण बाली
_982532
245 _aSSC रीजनिंग चैप्‍टरवाइज 7000+TCS MCQ
260 _aMeerut
_bArihant Pub.
_c2025
650 _aG.S.
942 _cC. BOOKS
999 _c68166
_d68166